Philips, a multinational enterprise

Đã lưu trong:
Bibliografiske detaljer
Format: Bog
Sprog:Undetermined
Udgivet: Eindhoven N.V. Philips' Gloeilampenfabrieken 1976
Fag:
Tags: Tilføj Tag
Ingen Tags, Vær først til at tagge denne postø!
Thư viện lưu trữ: Trung tâm Học liệu Trường Đại học Cần Thơ
LEADER 00436nam a2200157Ia 4500
001 CTU_86727
008 210402s9999 xx 000 0 und d
082 |a 537.5 
082 |b P554 
245 0 |a Philips, a multinational enterprise 
260 |a Eindhoven 
260 |b N.V. Philips' Gloeilampenfabrieken 
260 |c 1976 
650 |a Electronics industry 
904 |i Năm 
980 |a Trung tâm Học liệu Trường Đại học Cần Thơ